|
|
|
|
| LEADER |
00998nam a22002657a 4500 |
| 001 |
10342 |
| 003 |
BD-DhAAL |
| 005 |
20171128123602.0 |
| 008 |
171128t2003 ne a|||||b||| 001 0 eng d |
| 999 |
|
|
|c 38656
|d 38656
|
| 020 |
|
|
|a 9040724180
|
| 040 |
|
|
|a BD-DhAAL
|
| 082 |
|
|
|a 729.028
|
| 100 |
|
|
|a Zarzar, K. Moraes
|9 24012
|
| 245 |
|
|
|a Use and adaptation of precedents in architectural design :
|b toward an evolutionary design model /
|c K. Moraes Zarzar
|
| 260 |
|
|
|a Delft :
|b DUP Science, cop.,
|c 2003
|
| 300 |
|
|
|a xvi, 274 pages :
|b illustrations ;
|c 24 cm.
|
| 504 |
|
|
|a Includes bibliographical references (pages [259]-267) and index
|
| 526 |
|
|
|a AAL
|
| 541 |
|
|
|e 10342
|
| 650 |
|
|
|a Architectural design.
|9 24013
|
| 650 |
|
|
|a Architectural design
|x Mathematical models.
|9 24014
|
| 852 |
|
|
|a Ayesha Abed Library
|c Genral Stacks
|
| 942 |
|
|
|2 ddc
|c BK
|
| 952 |
|
|
|0 0
|1 0
|2 ddc
|4 0
|6 729_028000000000000_ZAR
|7 0
|9 62016
|a BRACUL
|b BRACUL
|c GEN
|d 2017-11-28
|l 0
|o 729.028 ZAR
|p 3010010342
|r 2017-11-28
|t 1
|w 2017-11-28
|y BK
|